000 00468nam a2200157 4500
001 136335
003 ES-MaACL
005 20230906195107.0
007 t|
008 070214m19021908it r ||||1| ita d
100 1 _aSacchi, Alessandro.
_9101230
245 1 0 _aTrattato teorico-pratico sulle servitu prediali /
_cAlessandro Sacchi.
260 _aTorino :
_b[s.n.],
_c1902-8 (
_fUnione Tipografico-Editrice)
300 _a3 v. ;
_c24 cm.
852 _aES-MaACL
_jG-5947-9
999 _c136335
_d136335